| 000 | 01150nam a2200277Ia 4500 | ||
|---|---|---|---|
| 999 |
_c53776 _d53776 |
||
| 001 | 20826 | ||
| 003 | GE_BSU | ||
| 005 | 20221107164013.0 | ||
| 008 | 181216s ||||enk|||||||||||||| ||eng|| | ||
| 020 | _a9781582558561 X | ||
| 040 | _cGE_BSU | ||
| 041 | _aeng | ||
| 080 | _a611(084.4) R-72 | ||
| 100 |
_aRohen, Johannes _97217 |
||
| 245 |
_aColor atlas of anatomy : _ba photographic study of the human body / _cJohannes W. Rohen, Yokochi Chihiro, Elke Lütjen-Drecoll. |
||
| 250 | _aseventh edition | ||
| 264 |
_aPiladelpia, Baltimore : _bLippincott Williams & Wilkins, _c2011. |
||
| 300 |
_a532 p. : _bill. ; _c30 cm. _eWith 1211 Figures, 1117 in Color, and 94 Radiographs, CT and MRI Scans |
||
| 541 | _h240gel. | ||
| 653 | _aColor atlas of anatomy : a photographic study of the human body | ||
| 653 | _aანატომიის ფერადი ატლასი : ადამიანის სხეულის ფოტოგრაფიული შესწავლა | ||
| 653 | _aმედიცინა | ||
| 700 |
_aYokochi, Chihiro _eby _97219 |
||
| 700 |
_aLütjen-Drecoll, Elke _eby _97220 |
||
| 942 |
_cBK _2udc |
||